000 00250nmm a2200097Ia 4500
008 220120s9999||||xx |||||||||||||||||und||
082 _a621.381 5 HAY
100 _aHayt, William H and et. al.
245 0 _aEngineering circuit analysis
260 _c2002
999 _c138874
_d138874